| 000 | 00844nam a2200241 a 4500 | ||
|---|---|---|---|
| 001 | 39497 | ||
| 003 | BD-RjUL | ||
| 005 | 20211209053013.0 | ||
| 008 | 160411s2015 bg ||||| |||| 00| 0 ben d | ||
| 020 |
_a9789849120247 _c: TK 260.00 |
||
| 035 | _a(BD-RjUL)39610 | ||
| 040 |
_aBD-RjUL _bben _cBD-RjUL |
||
| 041 | _aben | ||
| 082 |
_223 _a297.36 _bSUE 2015 |
||
| 100 |
_aসুলতান, মঈনুস _9119880 |
||
| 245 | 1 | 0 |
_aঈদের সোনালি ইগল / _cমঈনুস সুলতান |
| 260 |
_aঢাকা : _bপ্রথমা প্রকাশন, _c২০১৫ |
||
| 300 |
_a১৩৬ পৃ. ; _bচিত্র _c২২ সেমি. |
||
| 504 | _aচিত্র সম্বলিত | ||
| 650 |
_aঈদ-উল-ফিতর _9121701 |
||
| 650 |
_aEid-ul-Fitre _9121702 |
||
| 942 |
_2ddc _cBK |
||
| 999 |
_c39497 _d39497 |
||